Detroit Red Wings 2025-2026 Roster - Statistics

General Stats
  • This quiz has been taken 88 times
    85 since last reset
  • The average score is 18 of 25
Answer Stats
Jersey # Pos Player % Correct
71 C Dylan Larkin
97%
23 LW Lucas Raymond
92%
88 RW Patrick Kane
92%
53 D Moritz Seider
89%
93 RW Alex DeBrincat
84%
39 G Cam Talbot
82%
36 G John Gibson
82%
18 C Andrew Copp
76%
77 D Simon Edvinsson
76%
44 D Axel Sandin-Pellikka
74%
8 D Ben Chiarot
74%
37 LW J.T. Compher
74%
85 LW Elmer Soderblom
71%
20 D Albert Johansson
66%
58 C Emmitt Finnie
66%
92 C Marco Kasper
66%
27 C Michael Rasmussen
66%
21 LW James van Riemsdyk
61%
25 D Jacob Bernard-Docker
58%
22 C Mason Appleton
58%
3 D Justin Holl
55%
52 D Travis Hamonic
53%
28 RW Michael Brandsegg-Nygard
50%
56 D Erik Gustafsson
47%
48 RW Jonatan Berggren
45%
No matching quizzes found
Score Distribution
Percent of People with Each Score
Percentile by Number Answered
Your Score History
You have not taken this quiz since the last reset